|
|
|
|
| LEADER |
02794nam a2200541 a 4500 |
| 001 |
mzk03001182804 |
| 003 |
CZ BrMZK |
| 005 |
20130903112801.0 |
| 007 |
ta |
| 008 |
120910s1781 gw f |||| 0 lat|d |
| 040 |
|
|
|a BOA001
|b cze
|
| 072 |
|
7 |
|a 27-9
|x Dějiny křesťanské církve
|2 Konspekt
|9 5
|
| 072 |
|
7 |
|a 094
|x Staré tisky
|2 Konspekt
|9 12
|
| 080 |
|
|
|a (0.068)094
|2 MRF
|
| 080 |
|
|
|a 27-9
|2 MRF
|
| 080 |
|
|
|a 025.171
|2 MRF
|
| 100 |
1 |
|
|a Schram, Dominikus,
|d 1722-1797
|7 mzk2009511098
|4 aut
|
| 245 |
1 |
0 |
|a P. Dominici Schram Benedictini Banthensis S.S. Theologiae, et S.S. Canonum Professoris emeriti, Analysis operum S.S. patrum, et scriptorum ecclesiasticorum.
|n Tomus III.,
|p Continens opera Q. Septimi Florentis Tertulliani, M. Minuciifelicis, S. Hippolyti episcopi, et martyris, et Ammonii Alexandrini. Cum duplici indice uno operum patrum, punctorum dogmaticorum, et moralium, altero rerum memorabilium
|
| 246 |
3 |
|
|a Analysis operum
|
| 246 |
3 |
0 |
|a Continens opera Q. Septimi Florentis Tertulliani, M. Minuciifelicis, S. Hippolyti episcopi, et martyris, et Ammonii Alexandrini. Cum duplici indice uno operum patrum, punctorum dogmaticorum, et moralium, altero rerum memorabilium
|
| 260 |
|
|
|a Augustae Vindelicorum :
|b Sumptibus Matthaei Rieger P. M. filiorum,
|c 1781
|
| 300 |
|
|
|a XXII, 848, [39] s. ;
|c 8°
|
| 500 |
|
|
|a Výzdoba: Mědirytinový frontispis s Tertullianovým portrétem (Joh. Bapt. Aulinger Sc. AV.), vlysy, linky
|
| 500 |
|
|
|a Titulní list tištěn majuskulou
|
| 500 |
|
|
|a Přílohy: Tabulky s kalendářem
|
| 561 |
|
|
|a Provenience: Exlibris se studujícím mnichem
|
| 561 |
|
|
|a Provenience: Rajhradské znakové exlibris
|
| 561 |
|
|
|a Provenience: [razítko] Bibliotheca Mon. Raigrad. O.S.B
|
| 563 |
|
|
|a Hovězinová vazba, zlacené supralibros z doby Otmara Conrada I. typ, zlacený hřbet, červená ořízka
|
| 650 |
|
7 |
|a církevní otcové
|7 ph114286
|2 czenas
|
| 655 |
|
7 |
|a staré tisky
|7 fd422076
|2 czenas
|
| 650 |
|
7 |
|a historické knihovní fondy
|7 ph172933
|2 czenas
|
| 700 |
1 |
|
|a Aulinger, Johan Bapt.
|4 egr
|
| 700 |
0 |
|
|a Tertullianus,
|d asi 160-asi 220
|7 jn19990008451
|4 aut
|
| 700 |
0 |
|
|a Minucius Felix,
|d činný 2. století
|7 jn19990005751
|4 aut
|
| 700 |
0 |
|
|a Hippolytos,
|c svatý,
|d ca 170-235
|7 jn20001005633
|4 aut
|
| 700 |
0 |
|
|a Ammónios Sakkas,
|d -asi 243
|7 xx0091277
|4 aut
|
| 856 |
4 |
1 |
|u https://imageserver.mzk.cz/mzk03/001/182/804/328100207019.titul
|y Digitalizovaný dokument
|
| 903 |
|
|
|a RP
|
| 910 |
|
|
|e BOE950
|c R - B. II. c. 6
|
| 978 |
|
|
|b Rieger, Matthäus a synové
|a Augsburg
|c 1781
|
| 982 |
0 |
|
|a Rajhrad - benediktinský klášter
|
| 984 |
|
|
|a Augsburg
|b Německo
|
| 985 |
|
|
|a 1751-1800
|
| 990 |
|
|
|a BK
|
| 996 |
|
|
|e BOE950
|c R - B. II. c. 6
|
| 991 |
|
|
|k rajhrad
|
| 980 |
|
|
|c 207019
|g R - B. II. c. 6
|1 328100207019
|p BNr. 379 VI.
|